| 000 | 00879cab a2200205 4500 | ||
|---|---|---|---|
| 001 | L136520 | ||
| 008 | 070205n2007 000 0 eng u | ||
| 035 | _a(Sirsi) u136520 | ||
| 041 | 0 | _aeng | |
| 110 | 2 |
_aRoyal Institution of Chartered Surveyors _94900 |
|
| 245 | 0 | 0 |
_aTenancy deposit scheme update _h[electronic resource] |
| 260 | _c2007 | ||
| 520 | _aProvides guidance on the tenancy deposit scheme which is due to become compulsory on 6 April 2007. Included are answers to frequently asked questions. | ||
| 590 | _aKA NTK | ||
| 650 | 2 | 4 | _aHOUSING ACT 2004 PART VI |
| 651 | 4 |
_aEngland and Wales _y1543- |
|
| 690 | _aPROPERTY-RESIDENTIAL PROPERTY-RESIDENTIAL LANDLORD AND TENANT-RESIDENTIAL LANDLORD AND TENANT REFORM | ||
| 856 | 4 | 0 |
_uhttps://www.rics.org/RICSWEB/getpage.aspx?p=0mkGKvpbT0KZsoFzaR-now _zView the information free of charge at www.rics.org... |
| 942 | _n0 | ||
| 999 |
_c78329 _d78329 |
||